000 00445nam a2200157 4500
001 121052
003 ES-MaACL
005 20230906191657.0
007 t|
008 070214s1970 sp r ||||1| spa d
100 1 _aPonces Vergé, Jorge.
_992961
245 1 0 _aTrato familiar del subnormal /
_cpor Jorge Ponces Vergé.
260 _aBarcelona :
_bMiguel Arimany,
_c1970.
300 _a120 p. ;
_c20 cm.
852 _aES-MaACL
_jC-45195
_bR.76234
999 _c121052
_d121052